000 00325nam a22001337a 4500
008 170526b xxu||||| |||| 00| 0 eng d
020 _a9780130986696
041 _aeng
080 _25TH
_a621
100 _a27
101 _aIM
245 _aEXPERIMENTS IN BASIC CIRCUITS THEORY AND APPLICATION
_cBUCHLA, D
942 _2udc
_cBK
999 _c14563
_d14563